| 000 | 00515nam a2200169 i 4500 | ||
|---|---|---|---|
| 001 | 83788 | ||
| 003 | ES-MaACL | ||
| 005 | 20230906174907.0 | ||
| 007 | t| | ||
| 008 | 041118s1930 fr ||||1| fre d | ||
| 100 | 1 |
_aJachimecki, Zdislas. _965797 |
|
| 245 | 1 | 0 |
_aFréderic Chopin et son oeuvre / _cZdislas Jachimecki ; preface d'Edouard Ganche. |
| 260 |
_aParis : _b[s.n.], _c1930 ( _eCoulommiers : _fPaul Brodard) |
||
| 300 |
_a242 p. ; _c19 cm. |
||
| 700 | 1 |
_aGanche, Edoaurd. _953817 |
|
| 852 |
_aES-MaACL _jB-12530 |
||
| 999 |
_c83788 _d83788 |
||